LEADER 00627nas 2200193z- 450 001 9910891732203321 005 20260324110710.0 035 $a(CKB)4920000000477428 035 $a(DE-599)2843802-4 035 $a(EXLCZ)994920000000477428 100 $a20200420cuuuuuuuu -u- - 101 0 $aeng 200 00$aStatistische Berichte / K / V / 1 : Kinder- und Jugendhilfe in Bayern. Ergebnisse zu Teil I: Erzieherische Hilfen 210 $cBayerisches Landesamt für Statistik 517 $aStatistische Berichte / K / V / 1 906 $aJOURNAL 912 $a9910891732203321 996 $aStatistische Berichte$91920339 997 $aUNINA